[Event "III. CLANSKA LIGA ZAHOD 2017"]
[Site "Komenda"]
[Date "2017.11.12"]
[Round "3.1"]
[White "Luzar, Emil"]
[Black "Debevec, Blaz"]
[Result "0-1"]
[WhiteElo "2141"]
[BlackElo "2196"]
[PlyCount "28"]
[EventDate "2017.11.12"]
[WhiteTeam "SK DOLENJSKE TOPLICE"]
[BlackTeam "SK KOMENDA"]

1. e4 e5 2. Nf3 Nc6 3. Bb5 f5 4. d3 Nf6 5. Qe2 Bc5 6. Nc3 O-O 7. Bg5 Be7 8.
Bxf6 Bxf6 9. Bc4+ Kh8 10. exf5 Nd4 11. Qe4 c6 12. g4 d5 13. Bxd5 cxd5 14. Nxd5
Nxc2+ 0-1

[Event "III. CLANSKA LIGA ZAHOD 2017"]
[Site "Komenda"]
[Date "2017.11.12"]
[Round "3.2"]
[White "Lucovnik, Tilen"]
[Black "Pucelj, Joze"]
[Result "1-0"]
[WhiteElo "2081"]
[BlackElo "2092"]
[PlyCount "59"]
[EventDate "2017.11.12"]
[WhiteTeam "SK KOMENDA"]
[BlackTeam "SK DOLENJSKE TOPLICE"]

1. e4 c5 2. Nf3 Nc6 3. c3 e6 4. d4 d5 5. exd5 exd5 6. Be3 Qb6 7. Qb3 c4 8. Qxb6
axb6 9. Nbd2 Bd6 10. g3 Nge7 11. Bg2 Bf5 12. O-O O-O 13. Rfe1 Bd3 14. Ne5 Nxe5
15. dxe5 Bc5 16. Bg5 Rad8 17. Nf3 h6 18. Bxe7 Bxe7 19. Nd4 Bc5 20. e6 fxe6 21.
Rxe6 Rf6 22. Rae1 Kf7 23. R6e5 Be4 24. Bxe4 dxe4 25. R5xe4 b5 26. a3 b6 27.
R1e2 Bxd4 28. Rxd4 Rxd4 29. cxd4 Rf5 30. Re5 1-0

[Event "III. CLANSKA LIGA ZAHOD 2017"]
[Site "Komenda"]
[Date "2017.11.12"]
[Round "3.3"]
[White "Muhic, Jure"]
[Black "Marn, Jan"]
[Result "0-1"]
[WhiteElo "1867"]
[BlackElo "2054"]
[PlyCount "40"]
[EventDate "2017.11.12"]
[WhiteTeam "SK DOLENJSKE TOPLICE"]
[BlackTeam "SK KOMENDA"]

1. c4 e6 2. Nc3 d5 3. Nf3 Nf6 4. g3 Be7 5. Bg2 O-O 6. O-O c6 7. d4 b6 8. b3 Bb7
9. Bb2 Nbd7 10. Qc2 Rc8 11. e4 c5 12. exd5 exd5 13. Ne5 cxd4 14. Nxd7 Qxd7 15.
Nb5 Qxb5 16. Qe2 Qd7 17. cxd5 Bxd5 18. Bxd5 Nxd5 19. Bxd4 Bf6 20. Bxf6 Nxf6 0-1

[Event "III. CLANSKA LIGA ZAHOD 2017"]
[Site "Komenda"]
[Date "2017.11.12"]
[Round "3.4"]
[White "Leonardi, Caterina"]
[Black "Janko, Roman"]
[Result "1-0"]
[WhiteElo "2007"]
[BlackElo "1895"]
[PlyCount "65"]
[EventDate "2017.11.12"]
[WhiteTeam "SK KOMENDA"]
[BlackTeam "SK DOLENJSKE TOPLICE"]

1. Nf3 d5 2. g3 Nf6 3. Bg2 c5 4. O-O Nc6 5. d4 e6 6. c3 Be7 7. Nbd2 O-O 8. Ne5
Nxe5 9. dxe5 Ng4 10. Nf3 Qc7 11. Bf4 g5 12. Nxg5 Bxg5 13. Bxg5 Nxe5 14. e4 dxe4
15. Bxe4 f5 16. Bg2 Ng6 17. b4 cxb4 18. cxb4 Qd7 19. Rc1 Rf7 20. Qb3 Qe8 21.
Rfe1 Nf8 22. Bh6 Rb8 23. Bf4 Ra8 24. Bd6 a5 25. b5 a4 26. Qe3 Qxb5 27. Qg5+ Ng6
28. Qd8+ Kg7 29. Rxc8 Rxc8 30. Qxc8 Rd7 31. Bf1 Qc6 32. Qxc6 bxc6 33. Rxe6 1-0

[Event "III. CLANSKA LIGA ZAHOD 2017"]
[Site "Komenda"]
[Date "2017.11.12"]
[Round "3.5"]
[White "Gorse, Damjan"]
[Black "Skok, Boris"]
[Result "1/2-1/2"]
[WhiteElo "1781"]
[BlackElo "2002"]
[PlyCount "85"]
[EventDate "2017.11.12"]
[WhiteTeam "SK DOLENJSKE TOPLICE"]
[BlackTeam "SK KOMENDA"]

1. e4 c5 2. Nc3 a6 3. a4 Nc6 4. Bc4 e6 5. d3 Nf6 6. Bg5 h6 7. Bxf6 Qxf6 8. Nf3
Bd6 9. O-O O-O 10. Re1 b6 11. Qe2 Ne5 12. Nxe5 Bxe5 13. Ra3 Bb7 14. Rb1 Rfe8
15. f3 Rab8 16. Nd1 d5 17. Ba2 Bd6 18. c4 Qe5 19. g3 h5 20. Rc3 h4 21. gxh4 Qf4
22. Qg2 Qxh4 23. Rc2 Be5 24. Nf2 Bd4 25. Qg3 Qxg3+ 26. hxg3 a5 27. Kg2 dxe4 28.
dxe4 Red8 29. Rd1 Kf8 30. Rcd2 Ke7 31. b3 Rh8 32. Bb1 Rbd8 33. Nd3 Rh6 34. Rh1
Rdh8 35. Rxh6 Rxh6 36. Nf4 Be3 37. Rd3 Bxf4 38. gxf4 Rh8 39. e5 Rd8 40. Rxd8
Kxd8 41. Be4 Bc8 42. Kg3 Ke7 43. Bd3 1/2-1/2

[Event "III. CLANSKA LIGA ZAHOD 2017"]
[Site "Komenda"]
[Date "2017.11.12"]
[Round "3.6"]
[White "Juhant, Igor"]
[Black "Kregulj, Andrej"]
[Result "1/2-1/2"]
[WhiteElo "1976"]
[BlackElo "1680"]
[PlyCount "101"]
[EventDate "2017.11.12"]
[WhiteTeam "SK KOMENDA"]
[BlackTeam "SK DOLENJSKE TOPLICE"]

1. e4 c5 2. Nf3 e6 3. Nc3 Nc6 4. Bb5 Nge7 5. O-O a6 6. Bxc6 Nxc6 7. e5 d5 8.
Re1 Be7 9. d3 O-O 10. Bf4 Bd7 11. Bg3 b5 12. a3 c4 13. Ne2 Qb6 14. d4 a5 15.
Bh4 Bxh4 16. Nxh4 f6 17. exf6 Rxf6 18. Nf3 Raf8 19. c3 Qc7 20. Ng3 b4 21. axb4
axb4 22. Qd2 bxc3 23. bxc3 h6 24. h4 Ne7 25. Qa2 Nc6 26. Re2 Rb8 27. Rb1 Rxb1+
28. Qxb1 Rf8 29. Ne5 Nxe5 30. Rxe5 Qd8 31. h5 Qf6 32. Qe1 Qf4 33. Qe3 Qxe3 34.
fxe3 Rf6 35. e4 Bc6 36. exd5 Bxd5 37. Ne4 Rf5 38. Rxf5 exf5 39. Nd6 Be6 40. Kf2
Kf8 41. Ke3 Ke7 42. Nb5 Bd5 43. g3 Bf7 44. Na3 Kf6 45. Kf4 Be6 46. Nc2 Bf7 47.
Ne3 Bxh5 48. Nxc4 g5+ 49. Ke3 Bf7 50. Nb6 Ke7 51. c4 1/2-1/2

[Event "III. CLANSKA LIGA ZAHOD 2017"]
[Site "Komenda"]
[Date "2017.11.12"]
[Round "4.1"]
[White "Rojs, Igor"]
[Black "Luzar, Emil"]
[Result "1/2-1/2"]
[WhiteElo "1998"]
[BlackElo "2141"]
[PlyCount "81"]
[EventDate "2017.11.12"]
[WhiteTeam "SK TRZIN"]
[BlackTeam "SK DOLENJSKE TOPLICE"]

1. d4 Nf6 2. Nf3 g6 3. g3 Bg7 4. Bg2 O-O 5. O-O d6 6. c4 c6 7. Nc3 Bf5 8. Nh4
Bd7 9. e4 Qc8 10. Re1 Bh3 11. Bh1 e5 12. d5 c5 13. Bg5 h6 14. Be3 Kh7 15. Bf3
Ne8 16. Be2 Nd7 17. Bg4 Bxg4 18. Qxg4 Qd8 19. f4 exf4 20. gxf4 Nb6 21. e5 Nxc4
22. b3 Nxe3 23. Rxe3 dxe5 24. fxe5 Qg5 25. Qxg5 hxg5 26. Nf3 f6 27. h3 fxe5 28.
Nxg5+ Kg8 29. Ne6 Rf5 30. Ne4 Bh6 31. Rd3 Kf7 32. N6xc5 b6 33. Na4 Ke7 34. Nac3
Nd6 35. Nxd6 Kxd6 36. Ne4+ Kd7 37. Rf1 Raf8 38. Rdd1 Rf4 39. Rfe1 Rc8 40. Re2
Rcf8 41. Ree1 1/2-1/2

[Event "III. CLANSKA LIGA ZAHOD 2017"]
[Site "Komenda"]
[Date "2017.11.12"]
[Round "4.2"]
[White "Pucelj, Joze"]
[Black "Leben, Dusan"]
[Result "1-0"]
[WhiteElo "2092"]
[BlackElo "1858"]
[PlyCount "105"]
[EventDate "2017.11.12"]
[WhiteTeam "SK DOLENJSKE TOPLICE"]
[BlackTeam "SK TRZIN"]

1. e4 e5 2. Nf3 Nf6 3. Qe2 d6 4. g3 g6 5. c3 Bg7 6. Bg2 O-O 7. O-O Re8 8. d3 c5
9. Nbd2 Be6 10. h3 Nc6 11. Ng5 Qc8 12. Nxe6 Qxe6 13. Nc4 Nd7 14. Ne3 Ne7 15.
Kh2 f6 16. Qc2 Nb6 17. f4 Kh8 18. f5 Qf7 19. a4 g5 20. a5 Nd7 21. Nc4 Nc8 22.
Be3 Bf8 23. Bf3 Rd8 24. Qe2 Be7 25. Bd2 Kg7 26. Bh5 Qg8 27. Ne3 Rf8 28. Nd5 Bd8
29. h4 h6 30. Qg4 Ne7 31. hxg5 Nxd5 32. gxh6+ Kh8 33. exd5 Qxg4 34. Bxg4 Rg8
35. Bh5 Nf8 36. Bf7 Nh7 37. Bxg8 Kxg8 38. Kg2 Kf7 39. Ra4 Bc7 40. Rg4 Rg8 41.
Rxg8 Kxg8 42. b4 Nf8 43. g4 Bd8 44. bxc5 dxc5 45. Re1 b6 46. axb6 axb6 47. Ra1
b5 48. Rb1 c4 49. dxc4 bxc4 50. Rb7 Ba5 51. Rg7+ Kh8 52. Rf7 Kg8 53. Rxf6 1-0

[Event "III. CLANSKA LIGA ZAHOD 2017"]
[Site "Komenda"]
[Date "2017.11.12"]
[Round "4.3"]
[White "Bajec, Borut"]
[Black "Muhic, Jure"]
[Result "0-1"]
[WhiteElo "1805"]
[BlackElo "1867"]
[PlyCount "68"]
[EventDate "2017.11.12"]
[WhiteTeam "SK TRZIN"]
[BlackTeam "SK DOLENJSKE TOPLICE"]

1. d4 f5 2. c4 Nf6 3. Nc3 g6 4. Nf3 Bg7 5. e3 d6 6. b4 a5 7. b5 O-O 8. Qb3 h6
9. Bd3 Be6 10. O-O Bf7 11. Bb2 Nbd7 12. e4 fxe4 13. Nxe4 e5 14. dxe5 Nxe4 15.
Bxe4 dxe5 16. Bxb7 Nc5 17. Qe3 Nxb7 18. Rad1 Qc8 19. Nxe5 Re8 20. Qg3 Qf5 21.
f4 Nd6 22. Nxf7 Qxf7 23. Bxg7 Kxg7 24. c5 Nf5 25. Qc3+ Qf6 26. Rd7+ Re7 27. Qd3
Rxd7 28. Qxd7+ Qe7 29. Qd5 Rd8 30. Qc4 Rd4 31. Qc2 Qe3+ 32. Kh1 Rd2 33. Qc1 Qe2
34. Rg1 Ng3+ 0-1

[Event "III. CLANSKA LIGA ZAHOD 2017"]
[Site "Komenda"]
[Date "2017.11.12"]
[Round "4.4"]
[White "Janko, Roman"]
[Black "Borstnik, Ales"]
[Result "0-1"]
[WhiteElo "1895"]
[BlackElo "1786"]
[PlyCount "62"]
[EventDate "2017.11.12"]
[WhiteTeam "SK DOLENJSKE TOPLICE"]
[BlackTeam "SK TRZIN"]

1. e4 c5 2. f4 d6 3. Nf3 g6 4. Nc3 Bg7 5. Bb5+ Bd7 6. Qe2 Nc6 7. Bxc6 Bxc6 8.
O-O Nf6 9. d3 O-O 10. Be3 e6 11. h3 b5 12. Qf2 b4 13. Nd1 a5 14. e5 Nd5 15. Bd2
Rc8 16. Qg3 Ne7 17. Ne3 Nf5 18. Nxf5 exf5 19. Ng5 h6 20. Nf3 Bxf3 21. Rxf3 dxe5
22. fxe5 Qd4+ 23. Be3 Qxb2 24. Raf1 Qxe5 25. Qxe5 Bxe5 26. Bxh6 Rfe8 27. Re1
Bc3 28. Rxe8+ Rxe8 29. Be3 Rxe3 30. Rxe3 Bd4 31. Kf2 f4 0-1

[Event "III. CLANSKA LIGA ZAHOD 2017"]
[Site "Komenda"]
[Date "2017.11.12"]
[Round "4.5"]
[White "Grum, Andrej"]
[Black "Gorse, Damjan"]
[Result "0-1"]
[WhiteElo "1781"]
[BlackElo "1781"]
[PlyCount "68"]
[EventDate "2017.11.12"]
[WhiteTeam "SK TRZIN"]
[BlackTeam "SK DOLENJSKE TOPLICE"]

1. e4 e5 2. Nf3 Nc6 3. Bc4 Bc5 4. O-O Nf6 5. d3 h6 6. c3 d6 7. b4 Bb6 8. a4 a6
9. Qb3 O-O 10. h3 Nh5 11. Kh2 Qf6 12. Be3 Nf4 13. Nbd2 g5 14. Bd5 Ne7 15. Bxb6
cxb6 16. Bc4 h5 17. Ng1 g4 18. Qd1 Kg7 19. g3 Nxh3 20. Nxh3 gxh3 21. f4 Bg4 22.
fxe5 Qxe5 23. Qe1 Qxc3 24. Qe3 f6 25. Nf3 b5 26. Ba2 Qb2+ 27. Nd2 Rac8 28. Rfb1
Qc3 29. axb5 axb5 30. Bb3 Nc6 31. Bd5 Qd4 32. Qe1 Ne5 33. Ra3 Rc2 34. Kh1 Nf3
0-1

[Event "III. CLANSKA LIGA ZAHOD 2017"]
[Site "Komenda"]
[Date "2017.11.12"]
[Round "4.5"]
[White "Kregulj, Andrej"]
[Black "Krupenko, Peter"]
[Result "0-1"]
[WhiteElo "1680"]
[BlackElo "1631"]
[PlyCount "62"]
[EventDate "2017.11.12"]
[WhiteTeam "SK DOLENJSKE TOPLICE"]
[BlackTeam "SK TRZIN"]

1. d4 d5 2. Bf4 Nf6 3. e3 e6 4. Nf3 Bd6 5. Bxd6 Qxd6 6. Bd3 Qb4+ 7. c3 Qxb2 8.
O-O O-O 9. Nfd2 Qb6 10. c4 c6 11. Nc3 Nbd7 12. c5 Qc7 13. f4 b6 14. Na4 bxc5
15. Nxc5 Nxc5 16. dxc5 e5 17. Qc2 e4 18. Be2 Bg4 19. Nb3 Bxe2 20. Qxe2 h5 21.
Nd4 Rab8 22. Rab1 Nd7 23. Qxh5 Rxb1 24. Rxb1 Nxc5 25. Rc1 Qb6 26. h3 Ne6 27.
Rxc6 Qb1+ 28. Kh2 Nxd4 29. exd4 e3 30. f5 f6 31. Rc7 Qb8 0-1

[Event "III. CLANSKA LIGA ZAHOD 2017"]
[Site "Komenda"]
[Date "2017.11.12"]
[Round "4.1"]
[White "Hrescak, Ivana"]
[Black "Rodman, Franc"]
[Result "1-0"]
[WhiteElo "1923"]
[BlackElo "2062"]
[PlyCount "55"]
[EventDate "2017.11.12"]
[WhiteTeam "SK POSTOJNA"]
[BlackTeam "SD SIJ ACRONI JESENICE"]

1. d4 Nf6 2. c4 g6 3. Nc3 Bg7 4. e4 d6 5. f3 O-O 6. Be3 Nbd7 7. Nge2 c5 8. Qd2
cxd4 9. Nxd4 Ne5 10. Be2 Bd7 11. O-O a6 12. Rac1 Re8 13. Rfd1 Qa5 14. Nb3 Qd8
15. Nd5 Nxd5 16. cxd5 Bb5 17. Rc2 Qd7 18. Nd4 Bxe2 19. Qxe2 Rec8 20. Rdc1 Rxc2
21. Qxc2 Kf8 22. h3 Qd8 23. b3 Ke8 24. Ne2 Nd7 25. Qc7 Qxc7 26. Rxc7 b5 27. Bd4
Be5 28. Kf2 1-0

[Event "III. CLANSKA LIGA ZAHOD 2017"]
[Site "Komenda"]
[Date "2017.11.12"]
[Round "4.2"]
[White "Jeraj, Zlatko"]
[Black "Skrbec, Leon"]
[Result "1-0"]
[WhiteElo "2027"]
[BlackElo "1618"]
[PlyCount "57"]
[EventDate "2017.11.12"]
[WhiteTeam "SD SIJ SCRONI JESENICE"]
[BlackTeam "SK POSTOJNA"]

1. d4 Nf6 2. c4 e6 3. Nf3 Bb4+ 4. Bd2 Qe7 5. Nc3 O-O 6. e3 Bxc3 7. Bxc3 Ne4 8.
Qc2 f5 9. Bd3 Nf6 10. O-O b6 11. Nd2 Bb7 12. f3 d6 13. Rae1 Nbd7 14. e4 fxe4
15. Nxe4 h6 16. Ng3 Rfd8 17. f4 Nf8 18. d5 b5 19. b3 c6 20. dxe6 bxc4 21. bxc4
d5 22. Nf5 Qc5+ 23. Bd4 Qa5 24. e7 Re8 25. exf8=Q+ Rxf8 26. Re7 Rf7 27. Rxf7
Kxf7 28. Nd6+ Kf8 29. Nxb7 1-0

[Event "III. CLANSKA LIGA ZAHOD 2017"]
[Site "Komenda"]
[Date "2017.11.12"]
[Round "4.3"]
[White "Jereb, Lana"]
[Black "Pazlar, Marko"]
[Result "1/2-1/2"]
[WhiteElo "1678"]
[BlackElo "2069"]
[PlyCount "117"]
[EventDate "2017.11.12"]
[WhiteTeam "SK POSTOJNA"]
[BlackTeam "SD SIJ ACRONI JESENICE"]

1. e4 e6 2. d4 d5 3. exd5 exd5 4. Bd3 Bd6 5. Ne2 Qh4 6. h3 Nf6 7. g3 Qh5 8. Nf4
Qxd1+ 9. Kxd1 O-O 10. Nc3 c6 11. Be3 b6 12. Kd2 Ba6 13. Rae1 Re8 14. a3 Bxd3
15. Nxd3 Nbd7 16. f4 Ne4+ 17. Nxe4 Rxe4 18. Ne5 Bxe5 19. fxe5 Re8 20. c3 b5 21.
Bf4 Rxe1 22. Rxe1 Nb6 23. b3 a5 24. e6 a4 25. exf7+ Kxf7 26. Rxe8 Kxe8 27. Kc2
Kd7 28. Kb2 h5 29. Kc2 g6 30. Kb2 Kc8 31. Kc2 Kd8 32. Kb2 Kd7 33. Kc2 Ke6 34.
Bc7 axb3+ 35. Kxb3 Na4 36. g4 hxg4 37. hxg4 Kd7 38. Ba5 c5 39. dxc5 Nxc5+ 40.
Kc2 Kc6 41. Bb4 Ne4 42. Bf8 Nf2 43. g5 Ne4 44. Bh6 Nc5 45. Bf8 Ne6 46. Be7 Nf4
47. Kd2 Kd7 48. Bc5 Ne6 49. Be3 Kd6 50. Kc2 Ke5 51. Kb3 Kd6 52. Kb4 Kc6 53. Ka5
Ng7 54. Kb4 Nf5 55. Bf4 Nh4 56. Be5 Nf3 57. Bf4 Ne1 58. Kb3 Nd3 59. Be3 1/2-1/2

[Event "III. CLANSKA LIGA ZAHOD 2017"]
[Site "Komenda"]
[Date "2017.11.12"]
[Round "4.4"]
[White "Pavlin, Ivan"]
[Black "Kaluza, Dominik"]
[Result "1-0"]
[WhiteElo "1833"]
[BlackElo "1390"]
[PlyCount "101"]
[EventDate "2017.11.12"]
[WhiteTeam "SD SIJ ACRONI JESENICE"]
[BlackTeam "SK POSTOJNA"]

1. d4 d5 2. c4 c6 3. Nc3 Nf6 4. Nf3 Bf5 5. e3 e6 6. Be2 Nbd7 7. O-O Be7 8. h3
O-O 9. Nh4 Bg6 10. Nxg6 hxg6 11. a3 a5 12. c5 Qc7 13. Bd2 Rfd8 14. b4 axb4 15.
axb4 b6 16. Qc2 Rdb8 17. g3 Ra7 18. e4 bxc5 19. bxc5 Rba8 20. Rxa7 Qxa7 21. e5
Ne8 22. Rb1 Nc7 23. Rb2 Kf8 24. h4 Kg8 25. Kg2 Kh8 26. Rb1 Kg8 27. f4 Kh8 28.
Rh1 Kg8 29. h5 gxh5 30. Bxh5 Nf8 31. Be2 Qa3 32. Qd3 Qb2 33. Rb1 Qa3 34. g4 Qa7
35. Rh1 f6 36. Qh3 Qb8 37. g5 fxg5 38. fxg5 Qb2 39. Qd3 Ra1 40. Rxa1 Qxa1 41.
Qc2 Qa3 42. g6 Qa7 43. Qd3 Qa1 44. Bh5 Qa3 45. Qf3 Qb2 46. Qf4 Qc2 47. Qf7+ Kh8
48. Qxe7 Qxd2+ 49. Ne2 Kg8 50. Qf7+ Kh8 51. Qxf8# 1-0

[Event "III. CLANSKA LIGA ZAHOD 2017"]
[Site "Komenda"]
[Date "2017.11.12"]
[Round "4.5"]
[White "Hvala, Inja Ajda"]
[Black "Ravnik, Franc"]
[Result "0-1"]
[WhiteElo "1173"]
[BlackElo "1886"]
[PlyCount "106"]
[EventDate "2017.11.12"]
[WhiteTeam "SK POSTOJNA"]
[BlackTeam "SD SIJ ACRONI JESENICE"]

1. d4 d5 2. Nf3 Nf6 3. Bf4 g6 4. e3 Bg7 5. c4 c6 6. Nc3 O-O 7. Be2 a6 8. O-O
Nh5 9. Be5 f6 10. Bf4 Nxf4 11. exf4 Be6 12. Qb3 b6 13. Na4 b5 14. cxb5 axb5 15.
Nc5 Bf7 16. a3 Nd7 17. Nd3 Nb6 18. Nb4 Qd6 19. Qe3 Rfe8 20. Rac1 Rec8 21. Bd3
Bh6 22. g3 Bg7 23. f5 Nc4 24. Bxc4 dxc4 25. fxg6 hxg6 26. Rfe1 e6 27. Rcd1 Kh7
28. Qe4 Kg8 29. Qe3 Rd8 30. Rd2 Kh7 31. Qe4 Rac8 32. Qh4+ Kg8 33. Red1 g5 34.
Qe4 Qd7 35. Kg2 Qe8 36. Kg1 Bf8 37. Nc2 Bg6 38. Qe2 Bh6 39. g4 Bf8 40. Re1 Bf7
41. h4 gxh4 42. Nxh4 Bd6 43. Qf3 Kg7 44. Kg2 Qg8 45. Rh1 Be7 46. Qh3 Kf8 47. f4
f5 48. g5 Bxg5 49. Kf3 Bh5+ 50. Kf2 Bxf4 51. Ne3 Bg4 52. Qg2 Bxe3+ 53. Kxe3
Qg5+ 0-1

[Event "III. CLANSKA LIGA ZAHOD 2017"]
[Site "Komenda"]
[Date "2017.11.12"]
[Round "4.6"]
[White "Halilov, Esad"]
[Black "Hrescak, Boris"]
[Result "1-0"]
[WhiteElo "1854"]
[BlackElo "1615"]
[PlyCount "79"]
[EventDate "2017.11.12"]
[WhiteTeam "SD SIJ ACRONI JESENICE"]
[BlackTeam "SK POSTOJNA"]

1. Nf3 g6 2. d4 Bg7 3. c4 d6 4. h3 Nf6 5. Nc3 a6 6. e3 O-O 7. Bd3 b6 8. Qc2 Bb7
9. Bd2 c6 10. O-O-O b5 11. e4 Qc7 12. e5 Nfd7 13. exd6 exd6 14. h4 bxc4 15.
Bxc4 h5 16. Ng5 d5 17. Be2 Nf6 18. g4 hxg4 19. h5 gxh5 20. Rxh5 Bc8 21. Nxd5
cxd5 22. Qxc7 Nxh5 23. Bb4 f6 24. Bxf8 fxg5 25. Bxg7 Bf5 26. Bh6 Nd7 27. Bd3
Be6 28. Qd6 Kf7 29. Re1 Nf4 30. Kd2 Rb8 31. b3 Rb6 32. Qc7 Nxd3 33. Rxe6 Rxe6
34. Qxd7+ Kf6 35. Kxd3 Re1 36. Qg7+ Ke6 37. Bxg5 Kd6 38. Qg6+ Re6 39. Bf4+ Kd7
40. Qf5 1-0

[Event "III. CLANSKA LIGA ZAHOD 2017"]
[Site "Komenda"]
[Date "2017.11.12"]
[Round "4.1"]
[White "Timagin, Piotr"]
[Black "Prestrl, Jozef"]
[Result "1-0"]
[WhiteElo "2322"]
[BlackElo "1892"]
[PlyCount "87"]
[EventDate "2017.11.12"]
[WhiteTeam "SK LJUBLJANA DUOL"]
[BlackTeam "SD RADOVLJICA"]

1. Nf3 d5 2. g3 Nf6 3. Bg2 g6 4. O-O Bg7 5. d3 O-O 6. Nbd2 c6 7. e4 dxe4 8.
dxe4 Bg4 9. h3 Bxf3 10. Qxf3 Nbd7 11. Rd1 Qc7 12. Qe2 e5 13. Nb3 Rfd8 14. Be3
Nb6 15. Rxd8+ Rxd8 16. a4 Nfd7 17. a5 Nc8 18. h4 Bf8 19. h5 Be7 20. Bh3 b6 21.
Kg2 Nf6 22. hxg6 hxg6 23. f3 Kg7 24. Qf2 c5 25. axb6 axb6 26. c4 Nd6 27. Nd2
Qb7 28. Rh1 Rh8 29. b3 Qa6 30. Qe2 Qa2 31. Qd3 Rd8 32. Qc3 Ndxe4 33. fxe4 Nxe4
34. Qxe5+ Bf6 35. Qxe4 Rxd2+ 36. Bxd2 Qxd2+ 37. Kf3 Bd4 38. Rf1 Qc3+ 39. Kg2
Qxb3 40. Qe2 Qc3 41. Bg4 Be5 42. Bf3 f6 43. Rd1 Bd4 44. Be4 1-0

[Event "III. CLANSKA LIGA ZAHOD 2017"]
[Site "Komenda"]
[Date "2017.11.12"]
[Round "4.2"]
[White "Jovan, Romuald"]
[Black "Jeran, Bostjan"]
[Result "0-1"]
[WhiteElo "1914"]
[BlackElo "2214"]
[PlyCount "94"]
[EventDate "2017.11.12"]
[WhiteTeam "SD RADOVLJICA"]
[BlackTeam "SK LJUBLJANA DUOL"]

1. d4 Nf6 2. c4 g6 3. Nc3 d5 4. Nf3 Bg7 5. e3 O-O 6. Be2 c6 7. Ne5 Nbd7 8. f4
Ne4 9. O-O Ndf6 10. a4 Be6 11. a5 Qc7 12. Bd2 Rad8 13. cxd5 Nxc3 14. bxc3 cxd5
15. Qb3 Ne4 16. Qc2 Rd6 17. Bd3 Nxd2 18. Qxd2 Rc8 19. Ra3 f6 20. Nf3 Rc6 21.
Rc1 a6 22. e4 Qd6 23. Raa1 dxe4 24. Bxe4 Bd5 25. Bxd5+ Qxd5 26. Ra3 Bh6 27. Kf2
Qd6 28. Qa2+ Kg7 29. g3 Rc4 30. Qb2 Qd5 31. Rb3 R4c7 32. Qa3 Kf7 33. Rb4 Bf8
34. Qb3 e6 35. Rb6 Re8 36. c4 Qd7 37. Re1 Re7 38. c5 Rc6 39. Rb4 Kg7 40. h4 Rf7
41. g4 e5 42. fxe5 fxe5 43. Rxe5 Rcf6 44. Re3 Qxg4 45. d5 Rxf3+ 46. Rxf3 Rxf3+
47. Qxf3 Bxc5+ 0-1

[Event "III. CLANSKA LIGA ZAHOD 2017"]
[Site "Komenda"]
[Date "2017.11.12"]
[Round "4.3"]
[White "Persl, Bojan"]
[Black "Buha, Drago"]
[Result "0-1"]
[WhiteElo "2062"]
[BlackElo "1958"]
[PlyCount "70"]
[EventDate "2017.11.12"]
[WhiteTeam "SK LJUBLJANA DUOL"]
[BlackTeam "SD RADOVLJICA"]

1. e4 c6 2. d4 d6 3. Nf3 Bg4 4. Bc4 Nf6 5. h3 Bh5 6. Nbd2 e6 7. Bb3 Be7 8. Qe2
O-O 9. O-O Na6 10. Re1 Nc7 11. c3 Bg6 12. e5 Nfd5 13. Ne4 h6 14. c4 Nb4 15. a3
d5 16. cxd5 cxd5 17. Ng3 Nd3 18. Rd1 Nxc1 19. Raxc1 Rc8 20. Rc3 Qd7 21. Rdc1 a6
22. Qf1 b5 23. Rc6 Na8 24. Rxc8 Rxc8 25. Nd2 Nb6 26. Ba2 Nc4 27. Nxc4 dxc4 28.
Qd1 Rd8 29. Ne2 Bd3 30. Bb1 Bxe2 31. Qxe2 Qxd4 32. Bc2 Rd5 33. Re1 Bc5 34. Be4
Rd8 35. Bc2 Qf4 0-1

[Event "III. CLANSKA LIGA ZAHOD 2017"]
[Site "Komenda"]
[Date "2017.11.12"]
[Round "4.4"]
[White "Krivec, Metod"]
[Black "Trussevich, Simon"]
[Result "0-1"]
[WhiteElo "1755"]
[BlackElo "1734"]
[PlyCount "158"]
[EventDate "2017.11.12"]
[WhiteTeam "SD RADOVLJICA"]
[BlackTeam "SK LJUBLJANA DUOL"]

1. d4 d5 2. c4 e6 3. Nf3 Nf6 4. Nc3 Be7 5. Qc2 O-O 6. e3 b6 7. cxd5 exd5 8. Bd3
Bb7 9. O-O Nbd7 10. b3 h6 11. Bb2 c5 12. Rac1 Re8 13. Rfd1 Bf8 14. Qe2 a6 15.
Bb1 Rc8 16. Rd2 c4 17. Bf5 b5 18. Rdc2 b4 19. Nxd5 Bxd5 20. bxc4 Be4 21. Bxe4
Nxe4 22. Ne1 f5 23. Nd3 a5 24. f3 Nef6 25. Kf2 Nb6 26. Ne5 Nfd7 27. Nd3 Na4 28.
Ba1 Nf6 29. Ne5 Bd6 30. f4 Ne4+ 31. Kf1 Bxe5 32. fxe5 Nac3 33. Bxc3 bxc3 34.
Qh5 Qg5 35. Qe2 Rb8 36. c5 Kh7 37. c6 Rbc8 38. Rxc3 Nxc3 39. Rxc3 Qe7 40. Qd3
Qe6 41. c7 Qd7 42. g4 g6 43. gxf5 Qxf5+ 44. Qxf5 gxf5 45. Kf2 Re7 46. e6 Rxe6
47. d5 Rd6 48. Rc5 Kg7 49. Kf3 Rd7 50. Kf4 Rcxc7 51. Rxa5 Ra7 52. Rc5 Rxa2 53.
Kxf5 Kf7 54. e4 Rf2+ 55. Ke5 Rxh2 56. Rc6 Re7+ 57. Kd6 Re2 58. e5 R2xe5 59. Rc1
Rf5 60. Rg1 h5 61. Kc6 Rf6+ 62. Kc5 Rf5 63. Kc6 Rf6+ 64. Kc5 Rc7+ 65. Kd4 Rc2
66. Rg5 h4 67. Rh5 Rh2 68. Ke5 Re2+ 69. Kd4 Rh2 70. Ke5 Kg6 71. Rh8 Rf5+ 72.
Ke4 Rh5 73. Ra8 Rd2 74. Ra6+ Kf7 75. Ra7+ Kf6 76. Ra6+ Ke7 77. Ra7+ Kd6 78.
Ra6+ Kc7 79. d6+ Rxd6 0-1

[Event "III. CLANSKA LIGA ZAHOD 2017"]
[Site "Komenda"]
[Date "2017.11.12"]
[Round "4.5"]
[White "Jersic, Aleks"]
[Black "Torkar, Boris"]
[Result "1/2-1/2"]
[WhiteElo "1666"]
[BlackElo "1812"]
[PlyCount "89"]
[EventDate "2017.11.12"]
[WhiteTeam "SK LJUBLJANA DUOL"]
[BlackTeam "SD RADOVLJICA"]

1. e4 e6 2. d4 d5 3. Nc3 dxe4 4. Nxe4 Nf6 5. Bg5 Be7 6. Nxf6+ Bxf6 7. Bxf6 Qxf6
8. Nf3 O-O 9. Be2 b6 10. O-O Bb7 11. c3 Nd7 12. Qd2 h6 13. Qe3 Rfd8 14. Rfd1
Nf8 15. Ne5 Nd7 16. Bf3 Bxf3 17. Nxf3 Qf5 18. Ne5 Nxe5 19. Qxe5 Qc2 20. Qb5 c6
21. Qb3 Qf5 22. Qc4 Qd5 23. Qxd5 Rxd5 24. Rd3 Rad8 25. Rad1 e5 26. f4 exf4 27.
c4 R5d7 28. Kf2 g5 29. Kf3 Kg7 30. h3 f5 31. h4 b5 32. cxb5 cxb5 33. d5 Rd6 34.
a3 a6 35. R1d2 Re8 36. Rc2 Kf6 37. Rc7 Re3+ 38. Rxe3 fxe3 39. Kxe3 Ke5 40. hxg5
hxg5 41. Rg7 Kf6 42. Rc7 Ke5 43. Rg7 Kf6 44. Rc7 Ke5 45. Rg7 1/2-1/2

[Event "III. CLANSKA LIGA ZAHOD 2017"]
[Site "Komenda"]
[Date "2017.11.12"]
[Round "4.6"]
[White "Pretnar, Bostjan"]
[Black "Selih, Mario Carlos"]
[Result "1/2-1/2"]
[WhiteElo "1752"]
[BlackElo "1736"]
[PlyCount "89"]
[EventDate "2017.11.12"]
[WhiteTeam "SD RADOVLJICA"]
[BlackTeam "SK LJUBLJANA DUOL"]

1. Nf3 Nf6 2. d4 e6 3. e3 b6 4. Bd3 Bb7 5. O-O d5 6. b3 Nbd7 7. Bb2 Bd6 8. Nbd2
Rc8 9. Qe2 c5 10. Ne5 O-O 11. f4 Ne4 12. a4 f6 13. Nxd7 Qxd7 14. a5 Nxd2 15.
Qxd2 c4 16. Be2 b5 17. b4 a6 18. Rae1 Qc7 19. c3 Rce8 20. Bd1 Re7 21. Bc2 Rfe8
22. Bc1 e5 23. Qf2 Bc6 24. Qh4 g6 25. Bd2 Kg7 26. fxe5 fxe5 27. e4 exd4 28.
exd5 Rxe1 29. Bxe1 d3 30. Bxd3 cxd3 31. dxc6 Be5 32. Bd2 Qxc6 33. Qh3 Qd5 34.
Rf3 Rd8 35. Qh6+ Kg8 36. Qe3 Bg7 37. Qb6 Bxc3 38. Bxc3 d2 39. Bxd2 Qxd2 40. Qf6
Qe1+ 41. Rf1 Qe3+ 42. Kh1 Ra8 43. Qf7+ Kh8 44. Qf6+ Kg8 45. Qf7+ 1/2-1/2

[Event "III. CLANSKA LIGA ZAHOD 2017"]
[Site "Komenda"]
[Date "2017.11.25"]
[Round "5.1"]
[White "Rodman, Franc"]
[Black "Timagin, Piotr"]
[Result "0-1"]
[WhiteElo "2062"]
[BlackElo "2322"]
[PlyCount "86"]
[EventDate "2017.11.25"]
[WhiteTeam "SD SIJ ACRONI JESENICE"]
[BlackTeam "SK LJUBLJANA DUOL"]

1. d4 Nf6 2. Nf3 c5 3. d5 g6 4. g3 Bg7 5. Bg2 O-O 6. O-O b5 7. a4 Bb7 8. c4
bxc4 9. Ne5 Na6 10. Nxc4 Nb4 11. Nc3 d6 12. Bf4 Ba6 13. b3 Rb8 14. Qd2 Nd7 15.
Na3 Qb6 16. Rab1 Rfc8 17. Ncb5 Bxb5 18. Nxb5 Ne5 19. Bh3 Rd8 20. Na3 Qa6 21.
Rfd1 Rb7 22. Bf1 Rdb8 23. Bxe5 dxe5 24. Nc4 e4 25. Na3 Qf6 26. Qe3 Na2 27. Nb5
a6 28. Qd2 e3 29. fxe3 Bh6 30. Qxa2 Bxe3+ 31. Kh1 axb5 32. axb5 Rxb5 33. Bg2 h5
34. Rd3 Qe5 35. Rf1 h4 36. g4 h3 37. Bxh3 Rb4 38. Qc2 Kg7 39. Rf3 Re4 40. Bg2
c4 41. bxc4 Rb2 42. Qa4 Bc5 43. e3 Rxg4 0-1